00682 2200181 4500245005300000020002200053250001100075100002000086700001900106650001700125005001900142260002700161041001400188084001200202300002600214500025100240336000900491 aMeraih Rezeki Tak TerdugacBobby HerwibowohText a978-602-9346-37-4 aCet. 1 aBobby Herwibowo aTata Septayuda aAmal Jariyah a20241018104001 aJakartabZaytunac2012 aIndonesia a297.425 aix, 229 hlm. :cilus. aBuku ini berisi tentang bagaimana mendatangkan rezeki tak terduga, seperti membuka pintu-pintu meraih rezeki tak terdugaa, merasakan dahsyatnya kekuatan memberi untuk menerima lebih banyak, mendapatkan kejutan tak terduha dalam hidup dan lainnya. atext